000 00864nam a2200253Ia 4500
003 OSt
005 20221005080703.0
006 a|||||r|||| 00| 0
007 ta
008 221004b |||||||| |||| 00| 0 eng d
020 _a9780195673883 (hbk)
_c595
024 _a87561
037 _b84638, 22/10/2007, International Book Distributors
_cTextual
040 _aCRL
_cCRL
_beng
041 _2eng
_aeng
082 _aDelta2y7M36, P6
100 _aBackerlegge Gwilym
_9610594
245 0 _aSwami Vivekananda's legacy of service
_b a study of the Ramakrishna math and mission
260 _aNew Delhi
_bOxford University Press India
_c2006
300 _axiv, 292p.
_ccm.
650 _aSPIRITUALISM
942 _hDelta2y7M36, P6
_cTEXL
_2cc
999 _c986585
_d986585